| 000 | 00765nam a2200253 a 4500 | ||
|---|---|---|---|
| 001 | 60235 | ||
| 003 | BD-RjUL | ||
| 005 | 20211209080822.0 | ||
| 008 | 190311s1945 nyua b 000 0 eng | ||
| 035 | _a(BD-RjUL)60359 | ||
| 035 | _a(OCoLC)1563969 | ||
| 040 |
_aDLC _cFMU _dOCoLC _dInU-D _dOCoLC _dDLC _dBD-RjUL _beng |
||
| 041 | _aeng | ||
| 042 | _apremarc | ||
| 082 |
_223 _a612.399 _bROC 1945 |
||
| 100 | 1 |
_aRosenberg, Hans Reinhard, _d1912- _9229234 |
|
| 245 | 1 | 0 |
_aChemistry and physiology of the vitamins / _cby H.R. Rosenburg. |
| 260 |
_aNew York, N.Y. : _bInterscience Publishers, inc., _c1945. |
||
| 300 |
_axix, 676 p.: _bill.; _c24 cm. |
||
| 504 | _aBibliographic foot-notes. | ||
| 650 | 0 |
_aVitamins. _9229235 |
|
| 942 |
_2ddc _cBK |
||
| 999 |
_c60235 _d60235 |
||